000 00445nam a2200145Ia 4500
005 20251222140112.0
008 251222s1900||||xx |||||||||||||| ||spa||
020 _a8460418170
082 _a262.52/S17
100 _aSalom Climent, Fernando
245 0 _aUna Lectura Teológica del Concilio Vaticano II en la Frontera del Prostetantismo y Mundo de Hoy:
250 _a1ra. ed.
264 _bFacultad de Teología San Vicente Ferrer
942 _cLIB
999 _c4325
_d4325